000 00861nam a2200229Ia 4500
003 GCL
008 140319s9999 xx 000 0 ara d
020 _a0593305977
040 _aGCL /
_cGCL
082 0 4 _aق
_b726.2
_bم ج
100 1 _aالمجلس الاعلى للاثار
245 1 0 _aجامع الشيخ العريان ((العروسى)) :
_bأثر رقم 600 بباب الشعرية 1208هـ \ 1793م /
_cالمجلس الاعلى للاثار
700 1 _aزاهى حواس
260 _aالقاهرة :
_bالمجلس الاعلى للاثار ،
_c2003
300 _aمتعدد ؛
_c27سم
650 0 4 _aالمساجد - مصر
650 0 4 _aمصر - الاثار الاسلامية
650 0 4 _aالمساجد - ترميم
650 0 4 _aالمساجد - عمارة
650 0 4 _aجامع الشيخ العريان
942 _2ddc
_cBK
999 _c51210
_d51210